| 000 | 01007nam0a22003131 4500 | ||
|---|---|---|---|
| 001 | rc\3382416 | ||
| 005 | 20260407064938.0 | ||
| 021 |
_aRU _b[73-89485] |
||
| 035 | _a(NLR Aleph) 007534820 | ||
| 090 |
_a7766120 _c7766120 |
||
| 100 | _a20130115d1973 |||y0rusy50 ca | ||
| 101 | 0 | _arus | |
| 102 | _aRU | ||
| 105 | _aa z |||a| | ||
| 200 | 1 |
_aМир животных _eРассказы о птицах _fХудож. А. Блох, Б. Жутовский |
|
| 210 |
_a[Москва _cМол. гвардия _d1973] |
||
| 215 |
_a378, [5] с. _cил. _d23 |
||
| 225 | 1 | _aЭврика | |
| 300 | _aНа пер. авт. не указан | ||
| 606 |
_aПтицы _2psbo |
||
| 700 | 1 |
_8rus _7ca _aАкимушкин _bИ. И. _f1929-1993 _gИгорь Иванович _3RU\NLR\AUTH\7715554 _9125203 |
|
| 702 | 1 |
_aБлох _bА. _4440 |
|
| 702 | 1 |
_aЖутовский _bС. _4440 |
|
| 801 | 0 |
_aRU _bNLR _gpsbo |
|
| 801 | 1 |
_aRU _bELAR _2rusmarc |
|
| 852 |
_aNLR _j73-7/1390 |
||
| 942 | _cBOOK | ||
| 980 | _aNB | ||